| 000 -LEADER |
| fixed length control field |
02694cam a22004697i 4500 |
| 001 - CONTROL NUMBER |
| control field |
18126095 |
| 005 - DATE AND TIME OF LATEST TRANSACTION |
| control field |
20230321112834.0 |
| 007 - PHYSICAL DESCRIPTION FIXED FIELD--GENERAL INFORMATION |
| fixed length control field |
co cgu|||||||| |
| 008 - FIXED-LENGTH DATA ELEMENTS--GENERAL INFORMATION |
| fixed length control field |
140423t20142014njua b 001 0 eng d |
| 010 ## - LIBRARY OF CONGRESS CONTROL NUMBER |
| LC control number |
2013444958 |
| 016 7# - NATIONAL BIBLIOGRAPHIC AGENCY CONTROL NUMBER |
| Record control number |
016542608 |
| Source |
Uk |
| 020 ## - INTERNATIONAL STANDARD BOOK NUMBER |
| International Standard Book Number |
9789814518437 |
| 020 ## - INTERNATIONAL STANDARD BOOK NUMBER |
| International Standard Book Number |
9814518433 |
| 020 ## - INTERNATIONAL STANDARD BOOK NUMBER |
| International Standard Book Number |
9789814518444 (pbk.) |
| 020 ## - INTERNATIONAL STANDARD BOOK NUMBER |
| International Standard Book Number |
9814518441 (pbk.) |
| 035 ## - SYSTEM CONTROL NUMBER |
| System control number |
(OCoLC)ocn847126427 |
| 040 ## - CATALOGING SOURCE |
| Original cataloging agency |
YDXCP |
| Language of cataloging |
eng |
| Transcribing agency |
YDXCP |
| Description conventions |
rda |
| Modifying agency |
BTCTA |
| -- |
UKMGB |
| -- |
OIP |
| -- |
SINLB |
| -- |
DLC |
| 042 ## - AUTHENTICATION CODE |
| Authentication code |
lccopycat |
| 050 00 - LIBRARY OF CONGRESS CALL NUMBER |
| Classification number |
QC20 |
| Item number |
.G74 2014 |
| 082 04 - DEWEY DECIMAL CLASSIFICATION NUMBER |
| Classification number |
530.028 |
| Edition number |
23 |
| Author Mark |
GRE |
| 100 1# - MAIN ENTRY--PERSONAL NAME |
| Personal name |
Green, Dan, |
| Dates associated with a name |
1943- |
| Relator term |
author. |
| 9 (RLIN) |
110677 |
| 245 10 - TITLE STATEMENT |
| Title |
One hundred physics visualizations using MATLAB / |
| Statement of responsibility, etc. |
Dan Green, Fermi National Accelerator Laboratory, USA. |
| 246 3# - VARYING FORM OF TITLE |
| Title proper/short title |
100 physics visualizations using MATLAB |
| 264 #1 - PRODUCTION, PUBLICATION, DISTRIBUTION, MANUFACTURE, AND COPYRIGHT NOTICE |
| Place of production, publication, distribution, manufacture |
[Hackensack,] New Jersey : |
| Name of producer, publisher, distributor, manufacturer |
World Scientific, |
| Date of production, publication, distribution, manufacture, or copyright notice |
[2014] |
| 264 #4 - PRODUCTION, PUBLICATION, DISTRIBUTION, MANUFACTURE, AND COPYRIGHT NOTICE |
| Date of production, publication, distribution, manufacture, or copyright notice |
©2014 |
| 300 ## - PHYSICAL DESCRIPTION |
| Extent |
xv, 295 pages : |
| Other physical details |
illustrations (some color) ; |
| Dimensions |
23 cm. + |
| Accompanying material |
1 DVD-ROM (4 3/4 in.) |
| 336 ## - CONTENT TYPE |
| Source |
rdacontent |
| Content type term |
text |
| Content type code |
txt |
| 336 ## - CONTENT TYPE |
| Source |
rdacontent |
| Content type term |
computer program |
| Content type code |
cop |
| 337 ## - MEDIA TYPE |
| Source |
rdamedia |
| Media type term |
unmediated |
| Media type code |
n |
| 337 ## - MEDIA TYPE |
| Source |
rdamedia |
| Media type term |
computer |
| Media type code |
c |
| 338 ## - CARRIER TYPE |
| Source |
rdacarrier |
| Carrier type term |
volume |
| Carrier type code |
nc |
| 338 ## - CARRIER TYPE |
| Source |
rdacarrier |
| Carrier type term |
computer disc |
| 504 ## - BIBLIOGRAPHY, ETC. NOTE |
| Bibliography, etc. note |
Includes bibliographical references (pages 289-290) and index. |
| 520 ## - SUMMARY, ETC. |
| Summary, etc. |
"This book provides visualizations of many topics in general physics. The aim is to have an interactive MATLAB script wherein the user can vary parameters in a specific problem and then immediately see the outcome by way of dynamic "movies" of the response of the system in question. MATLAB tools are used throughout and the software scripts accompany the text in symbolic mathematics, classical mechanics, electromagnetism, waves and optics, gases and fluid flow, quantum mechanics, special and general relativity, and astrophysics and cosmology. The emphasis is on building up an intuition by running many different parametric choices chosen actively by the user and watching the subsequent behavior of the system. Physics books using MATLAB do not have the range - or the intent - of this text. They are rather steeped in technical detail. Symbolic math is used extensively and is integral to the aim of using MATLAB tools to accomplish the technical aspects of problem solving"-- |
| Assigning source |
p. [4] of cover. |
| 630 00 - SUBJECT ADDED ENTRY--UNIFORM TITLE |
| Uniform title |
MATLAB. |
| 650 #0 - SUBJECT ADDED ENTRY--TOPICAL TERM |
| Topical term or geographic name entry element |
Physics |
| General subdivision |
Data processing. |
| 9 (RLIN) |
103780 |
| 650 #0 - SUBJECT ADDED ENTRY--TOPICAL TERM |
| Topical term or geographic name entry element |
Numerical analysis |
| General subdivision |
Computer programs. |
| 9 (RLIN) |
1808 |
| 710 2# - ADDED ENTRY--CORPORATE NAME |
| Corporate name or jurisdiction name as entry element |
World Scientific (Firm) |
| 9 (RLIN) |
110792 |
| 906 ## - LOCAL DATA ELEMENT F, LDF (RLIN) |
| a |
7 |
| b |
cbc |
| c |
copycat |
| d |
2 |
| e |
ncip |
| f |
20 |
| g |
y-gencatlg |
| 942 ## - ADDED ENTRY ELEMENTS (KOHA) |
| Source of classification or shelving scheme |
|
| Koha item type |
Book |